000 01733cam a22004694i 4500
003 PE-LiUPU
005 20250731173025.0
008 150623s r 000 0 d
020 _a8475096727
035 _a(Sirsi) i9788475096728
040 _aPE-LiUPU
_bspa
_cPE-LiUPU
_erda
049 _aPRUA
082 0 4 _a232
_bH17
_221
100 1 _aHaley, Jay,
_eautor.
245 1 4 _aLas tácticas de poder de Jesucristo y otros ensayos /
_cJay Haley ; [traducción de Diana Machiavello y Luis Justo].
264 1 _aBarcelona, España :
_bEdiciones PAIDOS,
_c1994.
300 _a156 páginas ;
_c21 centímetros
336 _atext
_2rdacontent
337 _aunmediated
_2rdamedia
338 _avolume
_2rdacarrier
490 0 _aTerapia familiar ;
_v39
504 _aIncluye Bibliografía.
505 0 _aEl arte del psicoanálisis. -Las tácticas de poder de Jesucristo. -El arte de ser esquizofrénico. -En defensa del psicoanálisis. -Hacia una racionalización de la terapia directiva. -Como contraer matrimonio infernal. -La terapia un fenomeno nuevo.
526 _aSEG42
526 _aSEG41
526 _aSEG40
526 _aSEG39
526 _aP94
526 _aP87
526 _aP86
526 _aP85
526 _aP77
526 _aP76
526 _aP35
650 0 4 _aPsicoterapia.
_91799
942 _2ddc
_cBOOK
949 _a232 H17
_wDEWEY
_c1
_i47964
_lCCODEBUL1
_mBUL
_r0
_sY
_tBOOK
_u2015-6-24
_xTEOLOGIA
_PP35
_0COMPRA
_o.STAFF. Colección General
994 _aC0
_bPEPRU
596 _a1
999 _a232 H17
_wDEWEY
_c24439
_i47964
_f2021-11-10
_g5
_lCCODEBUL1
_mBUL
_r0
_sY
_tBOOK
_u2015-6-24
_xTEOLOGIA
_PP35
_0COMPRA
_o.STAFF. Colección General
_d24439
980 _81
_gALBERTO SANCHEZ Responsable de Automatización